| 000 | 00345nam a2200157Ia 4500 | ||
|---|---|---|---|
| 003 | GCL | ||
| 008 | 140319s9999 xx 000 0 eng d | ||
| 040 |
_aGCL / _cGCL |
||
| 082 | 0 | 4 |
_aCASSETTE _b94 |
| 100 | 1 | _aPIANO | |
| 245 | 1 | 0 |
_aLATE NIGHT / _cPIANO |
| 260 |
_a[S.N] : _bNONE |
||
| 650 | 0 | 4 | _aAUDIO TAPES |
| 650 | 0 | 4 | _aSONGS |
| 942 |
_2ddc _cBK |
||
| 999 |
_c18627 _d18627 |
||